Modelovanie rizika v leasingu automobilov

Využitie kvantitatívnych metód v manažmente rizík a predikovanie rizikovosti klientov v oblasti leasingu automobilov.

Guardado en:
Detalles Bibliográficos
Autor principal: Stankovičová, Iveta
Otros Autores: Řezáč, Martin
Formato: Capítulo de libro
Lenguaje:eslovaco
Materias:
Etiquetas: Agregar Etiqueta
Sin Etiquetas, Sea el primero en etiquetar este registro!

MARC

LEADER 00000naa a2200000 4500
001 0180958
005 20220715093742.9
041 0 |a slo 
044 |a SK 
245 1 0 |a Modelovanie rizika v leasingu automobilov  |c Iveta Stankovičová, Martin Řezáč 
520 |a Využitie kvantitatívnych metód v manažmente rizík a predikovanie rizikovosti klientov v oblasti leasingu automobilov. 
610 2 0 |a automobily 
610 2 0 |a lízing 
610 2 0 |a riadenie rizík 
610 2 0 |a risk management 
610 2 0 |a modelovanie ekonometrické 
610 2 0 |a metódy kvantitatívne 
100 1 |a Stankovičová, Iveta 
700 1 |a Řezáč, Martin